000 00319nam a22001337a 4500
041 _aENG
100 _aFranklin.F.K
245 _aNetwork Analysis And Synthesis
250 _aSecond ED
260 _aNew York
_bNetwork Analysis And Synthesis
_c1999
300 _a515
650 _aCompetitive Exam
856 _uComputer
999 _c712
_d712